000 00413nam a22001217a 4500
999 _c5351
_d5351
008 250909b ||||| |||| 00| 0 eng d
020 _a9787561962992
082 _a495.183 MA
100 _aMA,YAMIN
_eAUTHOR
_lMANDARIN
245 _aEASY STEPS TO CHINESE FOR KIDS 1 (2ND EDITION)
260 _aNO.15 XUEYUAN ROAD,HAIDIAN DISTRICT,BEIJING, CHINA 100083
_bBEIJING LANGUAGE&CULTURE UNIVERSITY PRESS
_c2023
942 _2ddc